00373nam a22001457a 450000500170000000800410001702000150005804100120007308200130008510000120009824500190011026000470012930000250017665000260020120240823051426.0240823b |||||||| |||| 00| 0 eng d a0702126381 aEnglish a349 ACT  lEnglish aActa Juridica  aCape Town: bJuta and Company Ltd, c1990  b143 pages; c25 cm.  aLegal practice bLaw